000 00542nai a2200169Ia 4500
003 IN-BaIIA
008 211028c9999 xx s 000 0 eng d
022 _a2213-1337 (Online)
040 _cIIA Library
245 0 _aAstronomy and Computing
_h[eJournal]
260 _aNew York
_bElsevier
310 _aQuarterly
362 _a1; 2013 - Present
521 _bSubscribed through National Knowledge Resource Consortium (NKRC)
856 _uhttps://www.sciencedirect.com/science/journal/22131337
_yClick Here to Access eJournal
942 _cEJ
999 _c34059
_d34059